Catálogo

CLAEP en la formación del campo de la comunicación y el periodismo en América Latina / (Registro nro. 24652)

Detalles MARC
000 -LEADER
fixed length control field 01535cam a2200361 i 4500
001 - CONTROL NUMBER
control field 24652
003 - CONTROL NUMBER IDENTIFIER
control field Mx-PuUPA
005 - DATE AND TIME OF LATEST TRANSACTION
control field 20251015134301.0
008 - FIXED-LENGTH DATA ELEMENTS--GENERAL INFORMATION
fixed length control field 140415s2017 mx d gr 000 0 spa d
020 ## - INTERNATIONAL STANDARD BOOK NUMBER
International Standard Book Number 9786077652885
040 ## - CATALOGING SOURCE
Transcribing agency Mx-PuUPA
Original cataloging agency Mx-PuUPA
Language of cataloging spa
Modifying agency Mx-PuUPA
Description conventions rda
041 0# - LANGUAGE CODE
Language code of text/sound track or separate title spa
043 ## - GEOGRAPHIC AREA CODE
Geographic area code cl-----
245 00 - TITLE STATEMENT
Title CLAEP en la formación del campo de la comunicación y el periodismo en América Latina /
Statement of responsibility, etc. María Antonieta Rebeil Corella, Carlos Cienfuegos Alvarado, Rebeca Illiana Arévalo Martínez, coordinadores
250 ## - EDITION STATEMENT
Edition statement Primera edición
264 #1 - PRODUCTION, PUBLICATION, DISTRIBUTION, MANUFACTURE, AND COPYRIGHT NOTICE
Place of production, publication, distribution, manufacture Huixquilucan, Edo. de México :
Name of producer, publisher, distributor, manufacturer Universidad Anahuac,
Date of production, publication, distribution, manufacture, or copyright notice ©2017
300 ## - PHYSICAL DESCRIPTION
Extent 222 páginas :
Other physical details ilustraciones, gráficas, tablas ;
Dimensions 23 cm
336 ## - CONTENT TYPE
Fuente rdacontent
Content type term texto
Content type code txt
337 ## - MEDIA TYPE
Source rdamedia
Media type term sin medio
Media type code n
338 ## - CARRIER TYPE
Source rdacarrier
Carrier type term volumen
Carrier type code nc
500 ## - GENERAL NOTE
General note "Facultad de Comunicación". -- Anteportada
650 #7 - SUBJECT ADDED ENTRY--TOPICAL TERM
Source of heading or term armarc
Topical term or geographic name entry element Periodismo
General subdivision
Geographic subdivision América Latina
650 #7 - SUBJECT ADDED ENTRY--TOPICAL TERM
Source of heading or term armarc
Topical term or geographic name entry element Periodistas
Geographic subdivision América Latina
650 #7 - SUBJECT ADDED ENTRY--TOPICAL TERM
Source of heading or term armarc
Topical term or geographic name entry element Periodismo
General subdivision Estudio y enseñanza
Geographic subdivision América Latina
650 #7 - SUBJECT ADDED ENTRY--TOPICAL TERM
Source of heading or term armarc
Topical term or geographic name entry element Periodismo
General subdivision Aspectos políticos
Geographic subdivision América Latina
700 1# - ADDED ENTRY--PERSONAL NAME
Personal name Rebeil Corella, María Antonieta,
Relator term coordinador
9 (RLIN) 2581
700 1# - ADDED ENTRY--PERSONAL NAME
Personal name Cienfuegos Alvarado, Carlos,
Relator term coordinador
700 1# - ADDED ENTRY--PERSONAL NAME
Personal name Arévalo Martínez, Rebeca Illiana,
Relator term coordinador
942 ## - ADDED ENTRY ELEMENTS (KOHA)
Source of classification or shelving scheme Dewey Decimal Classification
Koha item type Libro
Classification part 079.8
Item part C55
Existencias
Withdrawn status Lost status Source of classification or shelving scheme Damaged status Not for loan Collection code Home library Current library Shelving location Date acquired Source of acquisition Total Checkouts Full call number Barcode Date last seen Price effective from Koha item type
    Dewey Decimal Classification     General Biblioteca Karol Wojtyla Biblioteca Karol Wojtyla Sala general 03/12/2013 Donación   079.8 C55 2017 46037 05/01/2026 03/12/2013 Libro